Sosyal yardımlardan güvenliğe Türkiye'nin kamu harcamaları (2006-2017) / (Record no. 13223)

MARC details
000 -BAŞLIK
Sabit Uzunlukta Kontrol Alanı 00844nam a2200217 4500
999 ## - SİSTEM KONTROL NUMARALARI (KOHA)
Koha Biblionumber 13223
Koha Biblioitemnumber 13223
003 - KONTROL NUMARASI IDENTIFIER
Denetim Alanı MIRAKIL
005 - SON İŞLEM TARİHİ VE ZAMANI
Denetim Alanı 20190509114306.0
008 - SABİT-BOY VERİ ELEMANLARI - GENEL BİLGİLER
Sabit Uzunlukta Kontrol Alanı 190509b tu ||||| |||| 00| 0 tur d
020 ## - ULUSLARARASI STANDART KİTAP NUMARASI
Uluslararası Standart Kitap Numarası 9786053993841
040 ## - KATALOGLAMA KAYNAK
Orijinal Kataloglama Ajansı TR-AnCHP
Metne Dönüştürmek Ajansı TR-AnCHP
041 ## - DİL KODU
Metin / Ses Parça Veya Ayrı Başlığın Dil Kodu tur
082 ## - DEWEY ONLU SINIFLANDIRMA NUMARASI
Sınıflandırma Numarası 336.390561
Ürün Numarası Y35s 2018
100 1# - ANA GİRİŞ - KİŞİSEL İSİM
Kişisel Ad Yentürk, Nurhan
245 10 - BAŞLIK TABLOSU
Başlık Sosyal yardımlardan güvenliğe Türkiye'nin kamu harcamaları (2006-2017) /
Sorumluluk Tablosu, Vb Nurhan Yentürk.
260 ## - YAYIN, DAĞITIM, VB
Yayın, Dağıtım, Vb Yeri İstanbul :
Yayıncı, Dağıtıcı, Vs Adı İstanbul Bilgi Üniversitesi yayınları ,
Yayın, Dağıtım, Vb Tarihi 2018.
300 ## - FİZİKSEL TANIM
Kapsam xvııı, 241 s.:
Diğer Fiziksel Ayrıntıları tbl., grf.;
Boyutlar 23 sm.
490 0# - SERİSİ TABLOSU
Seri Beyanı İstanbul Bilgi Üniversitesi yayınları ;
-- STK çalışmaları - eğitim kitapları ;
-- Kamu harcamaları izleme dizisi ;
Hacim / Ardışık Tanımı 639.
-- 23.
-- 9.
504 ## - KAYNAKÇA VB NOT
Kaynakça Vb Notu Kaynakça ve dizin vardır.
650 #0 - KONU KATMA GİRİŞ - TOPİKAL DÖNEM
9 (RLIN) 5722
Topikal Süreli Veya Coğrafi Ad Giriş Elemanı Kamu harcamaları
Genel Alt Bölümü Türkiye
Kronolojik Alt Bölümü 2006-2017
942 ## - EKLENDİ GİRİŞ ELEMANLARI (KOHA)
Sınıflandırma Veya Raf Düzeni Kaynak Dewey Decimal Classification
Koha Öğesi Türü Books
Holdings
Kalıcı Konum Mevcut Konum Edinme Tarihi Toplam Check-Out'Lar Tam Çağrı Numarası Barkod Tarih Son Görülme İtibaren Geçerli Fiyatlar Koha Öğesi Türü
CHP Kütüphanesi CHP Kütüphanesi 05/09/2019   336.390561 Y35s 2018 009004 05/09/2019 05/09/2019 Books